000 00584nmm a2200205Ia 4500
008 251105s9999||||xx |||||||||||||||||und||
020 _a9788415216995
041 _aspa
100 _aCortina, María
245 0 _aDos vidas necesito :
_b Las verdades de Chavela
264 _a[Madrid, España] :
_bMontesinos,
_c2012
300 _a208 páginas
490 _aEnsayo
650 _aBiography
700 _aCortina, María
700 1 _a Helguera de la Villa, Enrique
700 1 _a Vargas, Chavela
856 _uhttps://public.digitaliapublishing.com/a/24362
942 _cCF
999 _c64265
_d64265